000 00306nam a22001337a 4500
020 _a0-7497-1182-5
082 _a823
_bBLY/F
100 _aENID BLYTON
245 _aFIVE MINUTE TALES
260 _aLONDON
_bMETHUEN & CO
_c1933
300 _a170
650 _aCHILDREN'S STORY BOOK
_zUNITED KINGDOM
942 _cBK
999 _c196
_d196